How to deliver a ted talk : (Record no. 89901)

MARC details
000 -LEADER
fixed length control field 02048nam a22002537a 4500
005 - DATE AND TIME OF LATEST TRANSACTION
control field 20141112160313.0
010 ## - LCCN (DPL NO)
LC control number ENG-111164
020 ## - INTERNATIONAL STANDARD BOOK NUMBER
International Standard Book Number 9789339217983
Terms of availability 475.00
020 ## - INTERNATIONAL STANDARD BOOK NUMBER
International Standard Book Number 9339217985
Terms of availability 475.00
035 ## - SYSTEM CONTROL NUMBER
System control number EN-94696
037 ## - SOURCE OF ACQUISITION
Source of stock number/acquisition DBAD/PUB
082 ## - DEWEY DECIMAL CLASSIFICATION NUMBER
Classification number 658.452
100 ## - MAIN ENTRY--PERSONAL NAME
Personal name Donovan, Jeremey
245 ## - TITLE STATEMENT
Title How to deliver a ted talk :
Statement of responsibility, etc by Jeremey Donovan
Remainder of title secrets of the world's most inspiring presentations /
260 ## - PUBLICATION, DISTRIBUTION, ETC. (IMPRINT)
Place of publication, distribution, etc New Delhi
Name of publisher, distributor, etc McGraw Hill Education
Date of publication, distribution, etc 2014
270 ## - ADDRESS
Address P-24, Green Park Extension
City New Delhi
Postal code 110016
300 ## - PHYSICAL DESCRIPTION
Extent x, 228p.
Dimensions 23cm(pbk)
500 ## - GENERAL NOTE
General note Includes bibliographical references and index.
520 ## - SUMMARY, ETC.
Summary, etc "REVISED AND EXPANDED NEW EDITION A step-by-step playbook showing anyone how to give the speech "of their lives," based on intensive study of the most popular TED TalksTED is a nonprofit dedicated to Ideas Worth Spreading. What began in 1984 as a conference bringing together the thought leaders and luminaries from the worlds of technology, entertainment, and design in Long Beach, California, TED exploded in popularity and led to a second conference held in Edinburgh, Scotland, TEDGlobal. TED challenged the world’s most fascinating thinkers and doers to give the speech "of their lives" in 18 minutes or less.With more than 100 specific tips--including ways to open with an explicit statement of audience benefits and frame your idea worth spreading as an action-outcome response to a question worth asking--How to Deliver a TED Talk helps you select your topic, craft your story, master your delivery, and refine your design. It is a complete guide to creating presentations that inspire.A TEDx organizer and speaker, Jeremey Donovan is Group Vice President of Marketing at Gartner Inc., the world’s leading information technology research and advisory company with $1.6 billion in annual revenue"-- |c Provided by publisher.
650 ## - SUBJECT ADDED ENTRY--TOPICAL TERM
Topical term or geographic name as entry element Business presentations.
650 ## - SUBJECT ADDED ENTRY--TOPICAL TERM
Topical term or geographic name as entry element Public speaking.
650 ## - SUBJECT ADDED ENTRY--TOPICAL TERM
Topical term or geographic name as entry element Public speaking.
942 ## - ADDED ENTRY ELEMENTS (KOHA)
Source of classification or shelving scheme Dewey Decimal Classification
Item type English Books
Call number suffix DON
Classification part 658.452
Holdings
Withdrawn status Lost status Not for loan Collection code Home library Current library Date acquired Source of acquisition Cost, normal purchase price Full call number Barcode Copy number Cost, replacement price Koha item type
    Not For Loan Non-fiction D.B.Act.Division D.B.Act.Division 11/11/2014 DBAD/PUB 475.00 658.452 DON EN-94696 1 475.00 English Books

© Delhi Public Library
Hit Counter
free hit counter